Vol. 28, № 5; Jaderna Energie

Bibliografiske detaljer
Parent link:Jaderna Energie: журнал. Vol. 28, № 5.— , 1960-1963, 1967-1973, 1977-1983
Sprog:tjekkisk
Udgivet: 1982
Format: Bog
KOHA link:https://koha.lib.tpu.ru/cgi-bin/koha/opac-detail.pl?biblionumber=564820

MARC

LEADER 00000nam2a2200000 4500
001 564820
005 20231101123746.0
035 |a (RuTPU)RU\TPU\prd\260780 
035 |a RU\TPU\prd\260776 
090 |a 564820 
100 |a 20160804a19829999k y0czey50 ba 
101 1 |a cze 
102 |a US 
200 0 |a Vol. 28, № 5 
210 |d 1982 
461 1 |0 (RuTPU)RU\TPU\prd\1103  |t Jaderna Energie  |o журнал  |v Vol. 28, № 5  |d 1960-1963, 1967-1973, 1977-1983 
801 0 |a RU  |b 63413507  |c 20010227  |g PSBO 
801 1 |a RU  |b 63413507  |c 20020228  |g PSBO 
801 2 |a RU  |b 63413507  |c 20160804  |g PSBO 
942 |c BK 
999 |a НТБ_ТПУ  |b НФ  |e -19/20160111  |p П-4486  |u 0,00  |v 1